| 000 | 01368cam a2200217 4500 | ||
|---|---|---|---|
| 008 | 030827n2003 000 0 eng u | ||
| 035 | _a(Sirsi) u123375 | ||
| 245 | _aGateway homes unrealistic | ||
| 260 | _c2003 | ||
| 490 |
_aRegeneration and Renewal _v 22 August 2003, 9(1) |
||
| 520 | _aA report commissioned by the ODPM has highlighted the unfeasibility of the government's target of delivering 158 500 homes in the Thames Gateway by 2016. The report by consultants Roger Tym and Partners and Llewelyn Davies studies the relationship between transport and development and claims that government needs to revise its targets to 120 000 homes and 150 000 new jobs. The report questions the role of transport in the development and advocates that government invests more into the public transport system particularly a rail based system rather than rely on buses to maximise development opportunities. "The relationship between transport and development in the Thames Gateway" is available on the ODPM website at http: www.odpm.gov.uk/stellent/groups/odpm_communities/documents/page/odpm_comm_023468-04.hcsp. | ||
| 590 | _aWB | ||
| 650 | _aTHAMES GATEWAY | ||
| 650 | _aHOUSING TARGETS | ||
| 650 | _aHOUSING POLICY | ||
| 650 | _aPUBLIC TRANSPORT | ||
| 650 | _aPLANNING POLICY | ||
| 650 | _aGOVERNMENT POLICY | ||
| 690 | _aHOUSING-DEVELOPMENT | ||
| 942 | _n0 | ||
| 999 |
_c73282 _d73282 |
||